Keď vaši pracovníci nerozhodujú optimálne
Slobodná vôľa pri rozhodovaní. Sloboda sa odohráva v rámci istých obmedzení: fyzické obmedzenie, právne a spoločenské obmedzenie Konformita pri rozhodovaní. Rozhodovanie - komplexný problém.
Salvato in:
| Autore principale: | |
|---|---|
| Natura: | Capitolo di libro |
| Lingua: | slovacco |
| Soggetti: | |
| Tags: |
Nessun Tag, puoi essere il primo ad aggiungerne!!
|
MARC
| LEADER | 00000naa$a2200000$$$4500 | ||
|---|---|---|---|
| 001 | 0045731 | ||
| 005 | 20231116120012.6 | ||
| 041 | 0 | |a slo | |
| 044 | |a SK | ||
| 245 | 1 | 0 | |a Keď vaši pracovníci nerozhodujú optimálne |c Ján Uriga |
| 520 | |a Slobodná vôľa pri rozhodovaní. Sloboda sa odohráva v rámci istých obmedzení: fyzické obmedzenie, právne a spoločenské obmedzenie Konformita pri rozhodovaní. Rozhodovanie - komplexný problém. | ||
| 610 | 2 | 0 | |a rozhodovanie |
| 610 | 2 | 0 | |a sloboda |
| 610 | 2 | 0 | |a procesy rozhodovacie |
| 100 | 1 | |a Uriga, Ján | |